000 00629nam a2200193 a 4500
001 1473
003 CO-ViMGA
008 141112s2004 ck r 000 u spa d
040 _aCO-ViMGA
_bspa
_cCO-ViMGA
082 0 4 _a158.4 P733
100 1 _aPree, Max de
_949843
245 1 0 _aEl liderazgo es un arte
260 _aBogotá :
_bJavier Vergara,
_c1993
300 _a182 p
490 _aBusiness class
505 _aTeoría de la pelota rápida 53 - - Liderazgo errante 65 - - LAs historias de las tribus 101 - - Algunas ideas para el ejecutivo 149 - - Las marcas de la elegencia 171
650 1 4 _aLIDERAZGO
942 _2ddc
_cBK
999 _c13663
_d13663